000 00593nam a22001457a 4500
020 _a0-590-10844-1
082 _a823
_bABB/S
100 _aABBOT, TONY
245 _aTHE SLEEPING GIANT OF GOLL
260 _aNEW YORK
_bSCHOLASTIC
_c2000
300 _a91
520 _aLord Sparr has found a new weapon to use against Droon. He's woken up a mean-old giant that will now obey his every command! It's a good thing Eric, Julie and Neal are around to help their friends try to stop Lord Sparr. It's a giant job, but somebody's got to do it!
650 _aADVENTURE STORY
_zUNITED STATES
942 _cBK
999 _c6077
_d6077